Fundamentals of chemistry / (Record no. 7)
[ view plain ]
| 000 -LEADER | |
|---|---|
| fixed length control field | 01059cac a2200313 i 4500 |
| 003 - CONTROL NUMBER IDENTIFIER | |
| control field | EG-ScBUE |
| 005 - DATE AND TIME OF LATEST TRANSACTION | |
| control field | 20250730142114.0 |
| 008 - FIXED-LENGTH DATA ELEMENTS--GENERAL INFORMATION | |
| fixed length control field | 111219t2003 njua f b 001 0 eng d |
| 020 ## - INTERNATIONAL STANDARD BOOK NUMBER | |
| International Standard Book Number | 0131918605 |
| 020 ## - INTERNATIONAL STANDARD BOOK NUMBER | |
| International Standard Book Number | 9780131918603 |
| 040 ## - CATALOGING SOURCE | |
| Original cataloging agency | EG-ScBUE |
| Language of cataloging | eng |
| Description conventions | rda |
| Transcribing agency | EG-ScBUE |
| Modifying agency | EG-ScBUE |
| 082 04 - DEWEY DECIMAL CLASSIFICATION NUMBER | |
| Classification number | 540 |
| Item number | BUR |
| Edition number | 22 |
| 100 1# - MAIN ENTRY--PERSONAL NAME | |
| Personal name | Burns, Ralph A., |
| Relator term | author. |
| 9 (RLIN) | 28166 |
| 245 10 - TITLE STATEMENT | |
| Title | Fundamentals of chemistry / |
| Statement of responsibility, etc | Ralph A. Burns, St. Louis Community College-Meramec. |
| 250 ## - EDITION STATEMENT | |
| Edition statement | Fourth edition. |
| 264 #1 - PUBLICATION, DISTRIBUTION, ETC. (IMPRINT) | |
| Place of publication, distribution, etc | Upper Saddle River, New Jersey : |
| Name of publisher, distributor, etc | Pearson Education International / Prentice Hall, |
| Date of publication, distribution, etc | [2003] |
| 264 #4 - PUBLICATION, DISTRIBUTION, ETC. (IMPRINT) | |
| Date of publication, distribution, etc | c2003 |
| 300 ## - PHYSICAL DESCRIPTION | |
| Extent | xxxii, 746 pages : |
| Other physical details | color illustrations ; |
| Dimensions | 26 cm |
| 336 ## - CONTENT TYPE | |
| Source | rdacontent |
| Content type term | text |
| Content type code | txt |
| 337 ## - MEDIA TYPE | |
| Media type term | unmediated |
| Source | rdamedia |
| Media type code | n |
| 338 ## - CARRIER TYPE | |
| Carrier type term | volume |
| Carrier type code | nc |
| Source | rdacarrier |
| 500 ## - GENERAL NOTE | |
| General note | Includes glossary.<br/> |
| 504 ## - BIBLIOGRAPHY, ETC. NOTE | |
| Bibliography, etc | Includes bibliographical references and index.<br/> |
| 590 ## - LOCAL NOTE (RLIN) | |
| Local note | Mohamed Hussein |
| 650 #7 - SUBJECT ADDED ENTRY--TOPICAL TERM | |
| Topical term or geographic name as entry element | Chemistry. |
| 9 (RLIN) | 28167 |
| Source of heading or term | BUEsh |
| 653 ## - INDEX TERM--UNCONTROLLED | |
| Resource For college | Engineering, Chemical |
| Arrived date list | August2015 |
| 655 ## - INDEX TERM--GENRE/FORM | |
| Form subdivision | Reading book |
| 942 ## - ADDED ENTRY ELEMENTS (KOHA) | |
| Koha item type | Book - Borrowing |
| Source of classification or shelving scheme | Dewey Decimal Classification |
| Withdrawn status | Lost status | Source of classification or shelving scheme | Damaged status | Not for loan | Collection code | Home library | Current library | Shelving location | Date acquired | Source of acquisition | Cost, normal purchase price | Total Checkouts | Total Renewals | Full call number | Barcode | Date last seen | Date checked out | Cost, replacement price | Price effective from | Koha item type |
|---|---|---|---|---|---|---|---|---|---|---|---|---|---|---|---|---|---|---|---|---|
| Dewey Decimal Classification | Central Library | Central Library | First floor | 08/11/2005 | 205.00 | 4 | 12 | 540 BUR | 000004944 | 15/07/2025 | 21/01/2018 | 256.25 | 08/11/2005 | Book - Borrowing | ||||||
| Dewey Decimal Classification | Central Library | Central Library | First floor | 08/11/2005 | Purchase | 205.00 | 5 | 1 | 540 BUR | 000030219 | 15/07/2025 | 25/07/2018 | 256.25 | Book - Borrowing | ||||||
| Dewey Decimal Classification | Central Library | Central Library | First floor | 08/11/2005 | Purchase | 205.00 | 3 | 1 | 540 BUR | 000030220 | 15/07/2025 | 28/10/2024 | 256.25 | Book - Borrowing | ||||||
| Dewey Decimal Classification | Central Library | Central Library | First floor | 08/11/2005 | Purchase | 205.00 | 1 | 540 BUR | 000030218 | 15/07/2025 | 20/11/2012 | 256.25 | NB - Book (Non borrowing) | |||||||
| Dewey Decimal Classification | Central Library | Central Library | First floor | 08/11/2005 | 205.00 | 6 | 15 | 540 BUR | 000030216 | 15/07/2025 | 27/10/2018 | 256.25 | Book - Borrowing | |||||||
| Dewey Decimal Classification | Central Library | Central Library | First floor | 08/11/2005 | Purchase | 205.00 | 5 | 11 | 540 BUR | 000004943 | 15/07/2025 | 20/10/2024 | 256.25 | Book - Borrowing | ||||||
| Dewey Decimal Classification | Central Library | Central Library | First floor | 08/11/2005 | 205.00 | 6 | 540 BUR | 000004942 | 15/07/2025 | 05/10/2019 | 256.25 | 09/11/2005 | Book - Borrowing | |||||||
| Dewey Decimal Classification | Central Library | Central Library | First floor | 05/11/2010 | Purchase | 205.00 | 3 | 10 | 540 BUR | 000004940 | 15/07/2025 | 23/02/2017 | 256.25 | Book - Borrowing | ||||||
| Dewey Decimal Classification | Central Library | Central Library | First floor | 08/11/2005 | 205.00 | 1 | 540 BUR | 000030217 | 15/07/2025 | 256.25 | Book - Borrowing | |||||||||
| Dewey Decimal Classification | Central Library | Central Library | First floor | 08/11/2005 | Purchase | 205.00 | 540 BUR | 000030221 | 15/07/2025 | 256.25 | Book - Borrowing |